000 00365 a2200169 4500
001 44198
020 _a8574090794
040 _cAnchieta - Aquarius
100 _aAlmeida, Lana
240 1 0 _aDisso eu faço aquilo
_lpor
245 1 0 _aDisso eu faço aquilo
300 _a24
362 0 _a2008
440 1 _aBagaço
650 4 _aLiteratura juvenil
942 _cBK
999 _c44198
_d44198